|
|
|
|
| LEADER |
00792cam a2200217 7i4500 |
| 001 |
0000008391 |
| 005 |
20170218090000.0 |
| 020 |
|
|
|a 9780873224598
|
| 020 |
|
|
|a 0873224590 (pbk.)
|
| 090 |
0 |
0 |
|a GV706.8
|b .A84 1997
|
| 245 |
0 |
0 |
|a Athlete's guide to career planning
|c Al Petitpas ... [et al.].
|
| 260 |
|
|
|a Champaign, IL:
|b Human Kinetics,
|c 1997.
|
| 300 |
|
|
|a xii, 226 p.:
|b ill.;
|c 23 cm.
|
| 504 |
|
|
|a Includes bibliographical references and index
|
| 650 |
0 |
0 |
|a Career changes --
|z United States
|
| 650 |
0 |
0 |
|a Athletes --
|z United States
|
| 650 |
0 |
0 |
|a Athletics --
|x Vocational guidance --
|z United States
|
| 700 |
1 |
|
|a Petitpas, Al
|
| 997 |
|
|
|a Business & Accountancy, Faculty
|
| 998 |
|
|
|a Sport Management Industry, Diploma
|
| 999 |
|
|
|a 0000003907
|b BOK
|c REFERENCE
|e Ground Floor, Bestari Jaya
|